Everyday errors in english / (Record no. 4775)

MARC details
000 -LEADER
fixed length control field 00534nam a2200157 a 4500
020 ## - INTERNATIONAL STANDARD BOOK NUMBER
ISBN 938064230X (hardcover)
020 ## - INTERNATIONAL STANDARD BOOK NUMBER
ISBN 9789380642307 (hardcover)
100 1# - MAIN ENTRY--AUTHOR NAME
Personal name MATHEW, STEPHEN.
245 10 - TITLE STATEMENT
Title Everyday errors in english /
260 ## - PUBLICATION, DISTRIBUTION, ETC. (IMPRINT)
Place of publication [S.l.] :
Name of publisher DOMINANT PUBLISHERS AND DISTRIBUTORS,
Year of publication 2012.
300 ## - PHYSICAL DESCRIPTION
Number of Pages 1 v. (unpaged)
856 40 - ELECTRONIC LOCATION AND ACCESS
Uniform Resource Identifier http://www.amazon.com/exec/obidos/ASIN/938064230X/chopaconline-20
Holdings
Withdrawn status Lost status Home library Current library Date acquired Cost, normal purchase price Full call number Accession Number Koha item type
    Seminar Library, Department of English Seminar Library, Department of English 30/05/2014 1494.00 626.2STE 45840 Books